000
00287nam a2200109Ia 4500
008
171211s9999 xx 000 0 und d
245
_a
Windows 10 Troubleshooting
245
_c
Mike Halsey
260
_c
2016
650
_x
SOFTWARE
856
_u
http://down.ebook777.com/061/1484209265.pdf
999
_c
349366
_d
349366